Catholic University of Zimbabwe Library
Online Public Access Catalogue
(OPAC)

Gezähnte Geschichte (Record no. 33437)

MARC details
000 -LEADER
fixed length control field 02325nam a22003737a 4500
001 - CONTROL NUMBER
control field 103652
003 - CONTROL NUMBER IDENTIFIER
control field KnowledgeUnlatched
005 - DATE AND TIME OF LATEST TRANSACTION
control field 20210303105047.0
006 - FIXED-LENGTH DATA ELEMENTS--ADDITIONAL MATERIAL CHARACTERISTICS
fixed length control field m o d
007 - PHYSICAL DESCRIPTION FIXED FIELD--GENERAL INFORMATION
fixed length control field cr u||||||||||
008 - FIXED-LENGTH DATA ELEMENTS--GENERAL INFORMATION
fixed length control field 210129p20182019gw o u00| u ger d
037 ## - SOURCE OF ACQUISITION
Institution to which field applies BiblioBoard
020 ## - INTERNATIONAL STANDARD BOOK NUMBER
International Standard Book Number 9783737009379
029 1# - OTHER SYSTEM CONTROL NUMBER (OCLC)
OCLC library identifier https://library.biblioboard.com/ext/api/media/d8f57b2b-cbf1-48f7-ab55-fa643c06733c/assets/thumbnail.jpg
040 ## - CATALOGING SOURCE
Original cataloging agency ScCtBLL
Transcribing agency ScCtBLL
245 00 - TITLE STATEMENT
Title Gezähnte Geschichte
Remainder of title Die Briefmarke als historische Quelle /
Statement of responsibility, etc. Silke Vetter-Schultheiß, René Smolarski, Pierre Smolarski.
264 #1 - PRODUCTION, PUBLICATION, DISTRIBUTION, MANUFACTURE, AND COPYRIGHT NOTICE
Name of producer, publisher, distributor, manufacturer Vandenhoeck & Ruprecht,
300 ## - PHYSICAL DESCRIPTION
Extent 1 online resource (515 p.)
506 0# - RESTRICTIONS ON ACCESS NOTE
Terms governing access Access copy available to the general public.
Standardized terminology for access restriction Unrestricted
Source of term star
520 ## - SUMMARY, ETC.
Summary, etc. "Sich mit Briefmarken zu befassen, sie zu sammeln, zu sichten und zu besprechen, gilt auch heute noch als eines der Standardbeispiele für das, was im alltäglichen Sprachgebrauch als Hobby bezeichnet wird. Den Status einer anerkannten Hilfswissenschaft der Geschichtswissenschaft hat die Philatelie, im Gegensatz zur Numismatik oder Heraldik, nie erreicht. Und obgleich mehrere Turns der Wissenschaftslandschaft diese doch hätten erfassen müssen, man denke etwa an den Iconic Turn, den Material Turn oder auch die entstehende Visual History, blieb die Philatelie und insbesondere die Briefmarke und deren Wert für die Geschichtswissenschaft bis heute nahezu unbeleuchtet. Der vorliegende Band versucht, dies zu ändern und führt in exemplarischen Analysen vor, wovon diese Kommunikationsmittel Zeugnis ablegen."
588 0# - SOURCE OF DESCRIPTION NOTE
Source of description note Description based on print version record.
590 ## - LOCAL NOTE (RLIN)
Local note KU Open Services
650 #7 - SUBJECT ADDED ENTRY--TOPICAL TERM
Topical term or geographic name entry element History
Source of heading or term bisacsh
650 #0 - SUBJECT ADDED ENTRY--TOPICAL TERM
Topical term or geographic name entry element History
655 #0 - INDEX TERM--GENRE/FORM
Genre/form data or focus term Electronic books.
700 1# - ADDED ENTRY--PERSONAL NAME
Personal name Vetter-Schultheiß, Silke
Relator term editor.
700 1# - ADDED ENTRY--PERSONAL NAME
Personal name Smolarski, René
Relator term editor.
700 1# - ADDED ENTRY--PERSONAL NAME
Personal name Smolarski, Pierre
Relator term editor.
758 ## -
-- Is found in:
-- Knowledge Unlatched
-- https://openresearchlibrary.org/module/2774bc74-146a-484f-a7ba-ab1d6a09bbfb
856 40 - ELECTRONIC LOCATION AND ACCESS
Uniform Resource Identifier <a href="https://openresearchlibrary.org/content/d8f57b2b-cbf1-48f7-ab55-fa643c06733c">https://openresearchlibrary.org/content/d8f57b2b-cbf1-48f7-ab55-fa643c06733c</a>
Public note View this content on Open Research Library.
-- 0
Holdings
Withdrawn status Lost status Source of classification or shelving scheme Damaged status Not for loan Home library Current library Shelving location Date acquired Total Checkouts Date last seen Uniform Resource Identifier Price effective from Koha item type
          Digital Library Digital Library Online Access 03.03.2021   03.03.2021 https://openresearchlibrary.org/content/d8f57b2b-cbf1-48f7-ab55-fa643c06733c 03.03.2021 eBook

OPENING HOURS

Weekdays: 0815hrs - 1800hrs
Weekends:0900hrs - 1200hrs

Closed for Mass:

Mon, Thur: 1200hrs - 1300hrs
Sunday & Public Holiday’s

CALL SUPPORT

0242-570570, 0242-570169
09200664, +263 8644140602

LOCATION

18443, Cranborne Avenue, Hatfield, Harare

Other Links


©2021 | CUZ Library